La lutte pour les denrées vitales
Kaydedildi:
| Yazar: | |
|---|---|
| Materyal Türü: | Kitap |
| Dil: | Undetermined |
| Baskı/Yayın Bilgisi: |
Paris
Press Universitaires De France
1953
|
| Konular: | |
| Etiketler: |
Etiketle
Etiket eklenmemiş, İlk siz ekleyin!
|
| Thư viện lưu trữ: | Trung tâm Học liệu Trường Đại học Cần Thơ |
|---|
| LEADER | 00501nam a2200181Ia 4500 | ||
|---|---|---|---|
| 001 | CTU_84454 | ||
| 008 | 210402s9999 xx 000 0 und d | ||
| 082 | |a 363.8 | ||
| 082 | |b P515 | ||
| 100 | |a Peyret, Henry | ||
| 245 | 0 | |a La lutte pour les denrées vitales | |
| 245 | 0 | |c Henry Peyret | |
| 260 | |a Paris | ||
| 260 | |b Press Universitaires De France | ||
| 260 | |c 1953 | ||
| 650 | |a Food supply,Produce trade | ||
| 904 | |i Qhieu(sửa) | ||
| 980 | |a Trung tâm Học liệu Trường Đại học Cần Thơ | ||